Statistics for Comedy Movie Taglines Quiz

Click here to take the quiz!

General Stats

  • This quiz has been taken 26,378 times
    (16,195 since last reset)
  • The average score is 9 of 17

Answer Stats

YearTaglineMovie% Correct
2009Some guys just can't handle Vegas.The Hangover
88%
2006Come to Kazakhstan, it's nice!Borat
83%
1994For Harry and Lloyd, every day is a no-brainer.Dumb and Dumber
74%
1993He's having the day of his life... over and over again.Groundhog Day
72%
1993One dream. Four Jamaicans. Twenty below zero.Cool Runnings
71%
1996There's no such things as free cable.The Cable Guy
59%
2005Life's a party. Crash it.Wedding Crashers
52%
1987May the schwartz be with you.Spaceballs
49%
1980They'll never get caught. They're on a mission from God.The Blues Brothers
44%
2006If you're not first, you're last.Talladega Nights
42%
2000He finally met the girl of his dreams. Too bad her dad's a nightmare.Meet the Parents
40%
1978Relive the best 7 years of your college education.Animal House
39%
1997If he were any cooler, he'd still be frozen, baby!Austin Powers
39%
2009Rule #1: Cardio.Zombieland
38%
1993Just deux it.Hot Shots! Part Deux
30%
20013% body fat. 1% brain activity.Zoolander
26%
1998Her life was in their hands. Now her toe is in the mail.The Big Lebowski
23%

Score Distribution

Percentile by Number Answered

Percent of People with Each Score

Your Score History

You have not taken this quiz since the last reset